000 00761nam a2200277Ia 4500
003 OSt
005 20221006153246.0
006 a|||||r|||| 00| 0
007 ta
008 221006b |||||||| |||| 00| 0 kor d
020 _a9788982819407
_cW 9,000
024 _a31,794
037 _bGift, Korean Embassy
_cTextual
040 _aEASL
_cEASL
_bkor
041 _2kor
_akor
082 _aO495,3N, P5
100 _aUN Hoe-Kyeong Au.
_9663167
245 0 _aBimilkwa geojitmal
260 _aKorea
_bMunhak Dongne
_c2005
300 _a318p.
_ccm.
490 _v KL
650 _a KL
650 _aNovel of Un Hoe- Kyeong
_9663168
942 _hO495,3N, P5
_cTEXL
_2CC
999 _c1099880
_d1099880